000 00325nam a2200133Ia 4500
005 20251222155209.0
008 251222s9999||||xx |||||||||||||| ||spa||
082 _aMEQ.152
100 _aThomas A. Scaletta.
245 0 _aUrgencias en Traumatología
250 _a1ra. ed.
264 _bMc Graw Hill-Interam.
942 _cLIB
999 _c40244
_d40244